00330 2200145 4500001002100000005001500021035002000036245003600056100001300092300001200105260003300117082000800150084001400158990001200172INLIS00000000000190220250520093108 a0010-05250001941 aSi Kabul Kambing /cE. Sulaiman0 aSulaiman a122 hlm aJakarta :bAzka Press,c2006 a813 a813 SUL s a0754786